Catálogo
 En Linea

Comunicación y civismo: (Registro nro. 54391)

Detalles MARC
000 -CABECERA
campo de control de longitud fija 01179nam a2200277 i 4500
003 - IDENTIFICADOR DEL NÚMERO DE CONTROL
campo de control DO-SdBNP
005 - FECHA Y HORA DE LA ÚLTIMA TRANSACCIÓN
campo de control 20230814105554.0
006 - CÓDIGOS DE INFORMACIÓN DE LONGITUD FIJA--CARACTERÍSTICAS DEL MATERIAL ADICIONAL
campo de control de longitud fija a||||gr|||| 00| 0
007 - CAMPO FIJO DE DESCRIPCIÓN FÍSICA--INFORMACIÓN GENERAL
campo de control de longitud fija ta
008 - DATOS DE LONGITUD FIJA--INFORMACIÓN GENERAL
campo de control de longitud fija 230814e2023 dr ac||| |||| 00| e spa d
020 ## - NÚMERO INTERNACIONAL ESTÁNDAR DEL LIBRO
Número Internacional Estándar del Libro 9789945504255
040 ## - FUENTE DE LA CATALOGACIÓN
Centro catalogador/agencia de origen DO-SdBNP
Lengua de catalogación spa
Centro/agencia transcriptor BNPHU
Normas de descripción rda
082 #4 - NÚMERO DE LA CLASIFICACIÓN DECIMAL DEWEY
Número de edición 22
Número de documento/Ítem C352c
245 10 - MENCIÓN DE TÍTULO
Título Comunicación y civismo:
Resto del título ejes fundamentales de la sociedad. /
Mención de responsabilidad, etc. Ynalda Mercedes Castillo Sandoval, foto portada y por capítulo: Odalis Santiago Taveras Castillo; prólogo: Onofre De la Rosa
264 #1 - PRODUCCIÓN, PUBLICACIÓN, DISTRIBUCIÓN, FABRICACIÓN Y COPYRIGHT
Producción, publicación, distribución, fabricación y copyright [Santo Domingo] :
Nombre del de productor, editor, distribuidor, fabricante Nuevo Diario,
Fecha de producción, publicación, distribución, fabricación o copyright 2023
300 ## - DESCRIPCIÓN FÍSICA
Extensión 260 páginas :
Otras características físicas Ilustraciones, fotografías ;
Dimensiones 22 cm.
336 ## - TIPO DE CONTENIDO
Fuente rdacontent
Término de tipo de contenido texto
Código de tipo de contenido txt
337 ## - TIPO DE MEDIO
Fuente rdamedia
Nombre/término del tipo de medio sin mediación
Código del tipo de medio n
338 ## - TIPO DE SOPORTE
Fuente rdacarrier
Nombre/término del tipo de soporte volumen
Código del tipo de soporte nc
500 ## - NOTA GENERAL
Nota general Recopilación de artículos de opinión publicados en los principales periódicos nacionales que constituyen importantes reflexiones.
500 ## - NOTA GENERAL
Nota general Incluye datos biográficos de la autora en la solapa de la cubierta.
590 ## - NOTA LOCAL (RLIN)
Nota local Inventariado 2023 / MF
700 1# - PUNTO DE ACCESO ADICIONAL--NOMBRE DE PERSONA
Nombre de persona Taveras Castillo, Odalis Santiago
Término indicativo de función/relación fotógrafa
9 (RLIN) 83940
700 1# - PUNTO DE ACCESO ADICIONAL--NOMBRE DE PERSONA
Nombre de persona Rosa, Onofre de la
9 (RLIN) 53700
Término indicativo de función/relación prólogo
942 ## - ELEMENTOS DE PUNTO DE ACCESO ADICIONAL (KOHA)
Fuente del sistema de clasificación o colocación Dewey Decimal Classification
Tipo de ítem Koha Libro
Existencias
Estado de retiro Estado de pérdida Fuente del sistema de clasificación o colocación Restricciones de uso No para préstamo Código de colección Localización permanente Ubicación/localización actual Ubicación en estantería Fecha de adquisición Fuente de adquisición Total de préstamos Signatura topográfica completa Código de barras Fecha visto por última vez Precio válido a partir de Tipo de ítem Koha Número de copia
    Dewey Decimal Classification Excluido de préstamo   Patrimonio Dominicano Biblioteca Nacional Pedro Henríquez Ureña Biblioteca Nacional Pedro Henríquez Ureña En catalogación 18.07.2023 Depósito Legal   C352c 2023-5320 14.08.2023 14.08.2023 Libro  
    Dewey Decimal Classification Excluido de préstamo   Patrimonio Dominicano Biblioteca Nacional Pedro Henríquez Ureña Biblioteca Nacional Pedro Henríquez Ureña En catalogación 18.07.2023 Depósito Legal   C352c 2023-5321 14.08.2023 14.08.2023 Libro e.2
    Dewey Decimal Classification Préstamo en sala   Dominicana de Servicio Biblioteca Nacional Pedro Henríquez Ureña Biblioteca Nacional Pedro Henríquez Ureña En catalogación 18.07.2023 Depósito Legal   C352c 2023-5322 14.08.2023 14.08.2023 Libro e.3

Con tecnología Koha